| 000 | 00698nam a2200229Ia 4500 | ||
|---|---|---|---|
| 001 | 9674 | ||
| 003 | GE_BSU | ||
| 008 | 181216s||||||||xx |||||||||||||| ||und|| | ||
| 040 | _cGE_BSU | ||
| 080 | _a821.353.1–1 | ||
| 100 | _aნადირაძე,კოლაუ | ||
| 245 | _aერთტომეული | ||
| 245 | _bლექსები | ||
| 245 | _cრედ.გრ.აბაშიძე.მხატვ.ლადო ავალიანი | ||
| 260 | _aთბილისი | ||
| 260 | _bსაბჭ.მწერალი | ||
| 260 | _c1955 | ||
| 300 | _a126გვ.21სმ. | ||
| 653 | _aერთტომეული | ||
| 653 | _aლექსები | ||
| 942 | _cBK | ||
| 999 |
_c42958 _d42958 |
||